Le capitali più vicine a Nicosia - Statistics

Statistiche generali
  • Questo quiz è stato fatto 71 volte
  • Il punteggio medio è 15 su 20
Statistiche sulle risposte
km capitale % Corretto
914 Atene
98%
530 Ankara
97%
605 Il Cairo
89%
417 Gerusalemme
88%
1205 Sofia
86%
1283 Skopje
82%
1366 Tirana
80%
1201 Bucarest
77%
326 Damasco
75%
1533 Belgrado
72%
244 Beirut
69%
1562 Baku
68%
1462 Podgorica
66%
1235 Tbilisi
66%
430 Amman
65%
1033 Baghdad
65%
1343 Pristina
63%
1127 Erevan
62%
1370 Chișinău
58%
1518 Kuwait
34%
Nessun quiz corrispondente trovato
Distribuzione punteggi
Percentuale di utenti per punteggio
Percentile per numero di risposta
I tuoi punteggi nel tempo
Non hai fatto questo quiz